LEADER 01080nam a2200241 i 4500 001 000000205381 003 CaOOAMICUS 005 20110820000000.0 008 110820s1947 it u000 u ita u 013 $a184118 040 $aSeMil$bita 100 1 $aVaccari, Pietro.$0(OLS)http://semarc/name/67368 245 10$aLeggi e consuetudini feudali :$bintroduzione, testi e traduzioni /$cPietro Vaccari. 260 $aMilano :$bC. Marzorati,$c1947. 300 $a86 p. ;$c18 cm. 490 0 $aTestimonia : raccolta di testi e documenti per l'insegnamento superiore ;$v6 650 4$aFeudalesimo.$0(OLS)http://semarc/subject/1292 830 0$aTestimonia : raccolta di testi e documenti per l'insegnamento superiore ;$v6.$0(OLS)http://semarc/title/19216 850 $aSeMil 852 $aSeMil$W1$xVenegono$y1$m3U I 269$j155875$B155875$CSeMilBibl$Z2$F167223 $81 961 $aRecupero: Altro 996 $6245$aLeggi e consuetudini feudali :$bintroduzione, testi e traduzioni$9(OLS)http://semarc/title/297284 996 $6260$aMilano :$bC. Marzorati$9(OLS)http://semarc/publisher/30157 LEADER 01093nam a2200229 i 4500 001 000000209292 003 CaOOAMICUS 005 20111213000000.0 008 111213s1900 it u000 u ita u 013 $a188081 040 $aSeMil$bita 100 1 $aRossi, Vittorio <1865-1938>.$0(OLS)http://semarc/name/8253 245 13$aIl Rinascimento. 300 $aVIII, 283 p. 490 0 $aCollana di manuali scientifici, storici e letterari 500 $aManca la cop. e il front. - Titolo e paginazione presi da catalogo SBN. 650 4$aLetteratura italiana - Storia - Sec. 15.-16.$0(OLS)http://semarc/subject/5068 773 0 $aRossi, Vittorio <1865-1938>$tStoria della letteratura italiana per uso dei licei.$dMilano : Francesco Vallardi, 1900-1902.$kCollana di manuali scientifici, storici e letterari$gVol.2$w()25989 830 0$aCollana di manuali scientifici, storici e letterari.$0(OLS)http://semarc/title/22305 850 $aSeMil 852 $aSeMil$W1$xVenegono$y1$m1T IV 10 FA$j159743$B159743$CSeMilBibl$Z2$F170793 $8I 996 $6245$aIl Rinascimento$9(OLS)http://semarc/title/11535